000 00355nam a2200133Ia 4500
003 GCL
008 140319s9999 xx 000 0 ara d
040 _aGCL /
_cGCL
082 0 4 _a813.083
_bل ع
245 1 0 _aعطر من الهند
260 _a[S.N] :
_bمؤسسة دار الشعب ،
_c1983
300 _a143 ص
490 _aمطبوعات الشعب
_v0
999 _c32238
_d32238